[Event "41st Nezhmetdinov Memorial 2019"]
[Site "Kazan"]
[Date "2019.06.07"]
[Round "8.4"]
[White "Pridorozhni, Aleksei"]
[Black "Belyakov, Bogdan"]
[Result "1/2-1/2"]
[WhiteElo "2588"]
[BlackElo "2483"]
[Annotator "TA"]
[PlyCount "111"]
[EventDate "2019.05.31"]
[EventType "swiss"]
[EventCountry "RUS"]
[SourceTitle "playchess.com"]
[Source "ChessBase"]
[SourceQuality "1"]

{[%evp 13,111,-16,-7,-20,-30,-30,-23,-28,0,0,7,0,0,0,0,0,39,40,21,37,17,19,29,0,0,0,0,-14,-13,-56,-12,-12,-13,-18,-9,-9,-9,-11,-9,-10,-6,-8,0,0,0,0,0,0,0,0,0,0,0,0,0,0,0,0,0,0,0,0,0,0,0,0,0,0,0,0,0,0,0,0,0,0,0,0,0,0,0,0,0,0,0,0,0,0,8,0,0,0,0,0,0,0,0,0,0,-8]} 1. c4 c5 2. Nc3 Nc6 3. Nf3 g6 4. d4 cxd4 5. Nxd4 Bg7 6. Nc2 Bxc3+ 7. bxc3 Qa5 8. Qd2 {A35: Symmetrical English: 2 Nc3 Nc6 3 Nf3} (8. e4 Nf6 9. f3 Qxc3+ 10. Bd2 Qe5 11. Rb1 b6 12. Be2 Ba6 13. Qc1 Rc8 14. Qa3 Na5 15. Ne3 d6 16. Bc3 {0-1 (46) Cordova,E (2645)-Piorun,K (2638) Matanzas 2017}) 8... Nf6 9. f3 d6 10. e4 {Black has an edge.} Bd7 11. Ne3 Ne5 $146 ({Predecessor:} 11... Rc8 12. Rb1 Qc7 13. Be2 Ne5 14. O-O O-O 15. f4 Nc6 {½-½ (23) Lewis,A (2269)-Goater,K (2100) Bournemouth 2016}) 12. Rb1 b6 13. Nd5 Nxd5 14. cxd5 O-O 15. f4 Ng4 $1 16. h3 Nf6 17. Bd3 e6 18. c4 exd5 {And now ...Qxd2+ would win.} 19. Qxa5 bxa5 20. cxd5 Nxe4 21. O-O Rfe8 22. Bxe4 {The position is equal.} Rxe4 23. Ba3 Ba4 24. Bxd6 Rd4 25. Be5 Rxd5 26. Rb7 Rd7 27. Rfb1 Rxb7 28. Rxb7 $11 {[%mdl 4096] Endgame KRB-KRB} Bc6 29. Rc7 Bd5 30. a3 Be6 31. Kf2 a4 32. g4 a6 33. Bf6 h6 34. Kg3 Kh7 35. Rb7 Bd5 36. Rb6 Be6 37. Be5 Bc4 38. f5 {Threatening fxg6+.} gxf5 39. gxf5 Rg8+ 40. Kf4 Bb3 41. Bd4 Rd8 42. Bf6 Rg8 43. Rc6 Rg1 44. Bd4 Rf1+ 45. Ke5 Re1+ 46. Kf6 Rf1 47. Rxa6 Be6 48. Ra5 Rf4 49. Bb6 Rf3 50. h4 Rf1 51. Bc7 Rf3 52. Bd6 Rf1 53. Rxa4 Rxf5+ 54. Ke7 Kg6 55. Rd4 Ra5 56. Bb4 {Accuracy: White = 80%, Black = 75%.} 1/2-1/2

[Event "41st Nezhmetdinov Memorial 2019"]
[Site "Kazan"]
[Date "2019.06.07"]
[Round "8.5"]
[White "Rozum, Ivan"]
[Black "Svetushkin, Dmitry"]
[Result "1/2-1/2"]
[WhiteElo "2568"]
[BlackElo "2536"]
[Annotator "TA"]
[PlyCount "118"]
[EventDate "2019.05.31"]
[EventType "swiss"]
[EventCountry "RUS"]
[SourceTitle "playchess.com"]
[Source "ChessBase"]
[SourceQuality "1"]

{[%evp 9,118,30,30,28,26,18,18,13,20,13,12,12,12,12,97,83,96,92,104,70,69,76,183,183,160,167,202,144,142,121,118,111,106,0,0,0,0,0,0,0,0,0,0,0,0,0,41,-13,-14,-103,-64,-90,-70,-75,-83,-87,-83,-96,-99,-99,-99,-99,-99,-99,-97,-95,-98,-102,-54,-54,-54,-54,-54,-86,-41,-57,-35,-35,-35,-35,-35,-35,-35,-35,-35,-35,-35,-35,-35,-35,-35,-35,-35,-35,-35,-43,-35,-35,-35,-35,-35,-35,-35,-35,-35,-35,-35,-35,-35,-35,-35]} 1. Nf3 d5 2. d4 Nf6 3. c4 c6 4. e3 Bf5 5. Nc3 a6 6. c5 {D15: Slav Defence: 4 Nc3 a6 and gambit lines after 4 Nc3 dxc4} (6. Nh4 Be6 7. c5 g6 8. Bd3 Bg7 9. O-O O-O 10. b4 Bc8 11. f4 Ne8 12. Qe1 a5 13. Na4 axb4 {1-0 (55) Nakamura,H (2761)-Topalov,V (2740) Abidjan 2019}) 6... h6 7. Ne5 Nbd7 8. Bd3 {The position is equal.} e6 {next ...Nxe5 is good for Black.} 9. Bxf5 exf5 10. Nd3 $146 ({Predecessor:} 10. f4 Be7 11. O-O h5 12. b4 Nf8 13. Bd2 Ne4 {0-1 (34) Pavlidis,A (2360)-Svetushkin,D (2597) Achaea 2012}) 10... g6 11. O-O Ne4 (11... Bg7 $11 {keeps the balance.}) 12. f3 $36 {[%mdl 2048] White is on the roll.} Ng5 13. Qb3 $1 b6 {[%cal Rb6c5]} 14. e4 Bg7 15. exd5 O-O (15... Bxd4+ $16 {was necessary.} 16. Kh1 Nxc5 17. Re1+ Kf8) 16. Be3 $18 ({Inferior is} 16. dxc6 Bxd4+ 17. Kh1 Nxc5 $11) 16... Re8 {[#]} 17. Bf2 $1 cxd5 18. Qxd5 Ne6 19. Rac1 Rc8 {With the idea ...bxc5.} 20. Rfd1 Qc7 21. Qc4 (21. Re1 $16) 21... b5 $1 $11 {[%cal Rb5c4]} 22. Qb4 Nxd4 $1 23. Bxd4 a5 24. Qxb5 Bxd4+ 25. Kh1 $1 Nxc5 26. Nd5 ({Wrong is} 26. Na4 $2 {[#]} Nxd3 $1 {[%mdl 512]} 27. Rxc7 Nf2+ 28. Kg1 Nxd1+ 29. Kf1 Ne3+ 30. Ke2 Nd5+ 31. Kd3 Nxc7 $19) 26... Qd6 27. N3f4 Ne6 28. Nxe6 (28. Ne2 $14 Kg7 29. Rxc8 (29. Nxd4 Nxd4 30. Qxa5 Rxc1 $17) 29... Rxc8 30. Ndc3 (30. Nxd4 $2 Nxd4 31. Qb7 Rc2 $19)) 28... Qxe6 29. Qxa5 (29. Rxc8 $11 Rxc8 30. h3) 29... Qe2 30. Nc7 Bxb2 31. Rb1 Red8 32. Nd5 {Strongly threatening Re1.} Kg7 33. Re1 Qc2 34. Ne3 Qd2 35. Qxd2 Rxd2 36. Red1 Re2 37. Re1 Rxe1+ 38. Rxe1 $17 {[%mdl 4096] Endgame KRB-KRN} Ra8 (38... Bd4 {is interesting.} 39. Nd5 Rc2 40. Nb4 Rb2 41. a3 Rb3) 39. Nc4 Rxa2 40. Nxb2 Rxb2 $15 {KR-KR} 41. Kg1 f4 42. Re4 {Black is slightly better.} g5 43. h4 Kf6 44. Kh2 Kf5 {And now ...g4 would win.} 45. hxg5 hxg5 {aiming for ...g4.} 46. Re7 f6 (46... Kg6 {seems wilder.} 47. Re8 Kf6 48. Rc8 Kf5 49. Rc5+ Kg6) 47. Re8 Kg6 48. Rg8+ Kf7 49. Ra8 Rb4 50. Ra5 Rd4 51. Rb5 Ke6 52. Rb8 f5 53. Rg8 Kf6 54. Rf8+ Kg6 55. Rg8+ Kh6 56. Rf8 Rd5 57. Rg8 $1 Rd7 58. Kg1 $1 Rd6 59. Kf2 Rd5 {Accuracy: White = 77%, Black = 63%.} 1/2-1/2

[Event "41st Nezhmetdinov Memorial 2019"]
[Site "Kazan"]
[Date "2019.06.07"]
[Round "8.6"]
[White "Nozdrachev, Vladislav"]
[Black "Frolyanov, Dmitry"]
[Result "1-0"]
[WhiteElo "2481"]
[BlackElo "2538"]
[Annotator "TA"]
[PlyCount "69"]
[EventDate "2019.05.31"]
[EventType "swiss"]
[EventCountry "RUS"]
[SourceTitle "playchess.com"]
[Source "ChessBase"]
[SourceQuality "1"]

{[%evp 11,69,11,29,13,11,18,4,0,1,7,38,-26,-1,-8,-7,-14,-25,-21,0,0,0,0,0,0,0,0,0,-107,0,-8,-10,-55,-9,-9,-10,-12,64,-56,-66,-68,-55,-56,-19,-27,56,-8,-8,0,0,-648,-556,-411,56,25,241,245,708,602,29990,29991]} 1. e4 c5 2. Nf3 Nc6 3. Bb5 g6 4. O-O Bg7 5. Bxc6 bxc6 6. Re1 Nh6 7. h3 {B31: Sicilian: 2...Nc6 3 Bb5 g6} O-O 8. c3 f5 9. e5 {The position is equal.} Nf7 10. d3 Rb8 (10... d6 11. Bf4 Ba6 12. Na3 Rb8 13. Qd2 dxe5 14. Nxe5 Nxe5 15. Bxe5 Bxe5 16. Rxe5 Qxd3 {1-0 (50) Amin,B (2686)-Guseinov,G (2667) Hoogeveen 2018}) 11. Qa4 (11. b3 $14) 11... Qc7 {[%cal Rf7e5]} 12. Qh4 Ba6 {[%cal Rf7e5]} ({But not} 12... Bxe5 $6 13. Nxe5 Nxe5 14. Qxe7 $16) 13. d4 cxd4 14. cxd4 e6 15. b3 $146 ({Predecessor:} 15. Ng5 Nxg5 16. Bxg5 Rxb2 {½-½ (37) Von Bahr,O (2433)-Johansson,L (2459) Gothenburg 2017}) 15... c5 16. Ba3 {[#]} cxd4 $1 {[%cal Rf7e5][%mdl 512]} 17. Bxf8 (17. Nxd4 Bxe5) 17... Rxf8 18. Qxd4 d6 {[%cal Rd6e5]} 19. Qc3 (19. Qa4 $11 {keeps the balance.} dxe5 20. Na3 (20. Qxa6 e4 $11)) 19... Qb8 (19... Qb6 $17 {And now ...dxe5 would win.} 20. Nbd2 dxe5 21. Nxe5 Rc8) 20. Qa5 Bb7 {[%cal Rd6e5]} 21. Nd4 $1 {[%cal Rd4e6]} Bxe5 22. Qd2 $1 Qa8 23. f3 {[#]} (23. f4 $5 {[%cal Rf4e5]} Bxd4+ 24. Qxd4 $11) 23... Qd8 (23... Bxf3 $1 $11 {[%mdl 512]} 24. gxf3 (24. Nxf3 Bxa1) 24... Qd5 25. Nxe6 (25. Rd1 $2 Ng5 $19) 25... Qxe6) 24. Na3 (24. Nc3 $1 $14) 24... Qh4 $1 $15 25. Nxe6 Re8 $36 {[%mdl 2048] Black is pushing.} 26. Nf4 $1 Re7 27. Rxe5 $1 Nxe5 ({Better is} 27... dxe5 $11 28. Nd5 Re8) 28. Nc4 {[#]} (28. Rf1 $1 $14) 28... Nxf3+ $1 $11 {[%mdl 512]} 29. gxf3 {Black must now prevent Kh2.} Bxf3 30. Ng2 $2 {[%mdl 8192]} (30. Nxd6 $11 Qg5+ 31. Kf1 Be2+ 32. Kf2 Qh4+ 33. Kg2 Qg5+ 34. Kf2 Qh4+ 35. Kg2 Qg5+ 36. Kf2) 30... Qxh3 $19 {Hoping for ...Re2!} 31. Nce3 {[#]} Bb7 $2 (31... f4 $1 $19 {[%cal Rf4e3][%mdl 512]} 32. Re1 (32. Nxf4 Qh1+) 32... Rxe3 33. Rxe3 fxe3 34. Nxe3 Qg3+ 35. Kf1 Qh3+ 36. Ke1 Qh4+ 37. Qf2 Qe4) 32. Qxd6 $14 Re8 $2 {[#]} (32... Bxg2 $11 {and Black has nothing to worry.} 33. Nxg2 (33. Qxe7 Qh1+ 34. Kf2 Qxa1 $11) 33... Re2) 33. Rc1 $1 $18 Qh6 $2 (33... f4 34. Qxf4 Rf8) 34. Qd7 {[%mdl 64] Double Attack} Rb8 35. Qe6+ {Accuracy: White = 56%, Black = 46%.} 1-0

[Event "41st Nezhmetdinov Memorial 2019"]
[Site "Kazan"]
[Date "2019.06.07"]
[Round "8.7"]
[White "Kopylov, Alexander A."]
[Black "Tsydypov, Zhamsaran"]
[Result "0-1"]
[WhiteElo "2427"]
[BlackElo "2546"]
[Annotator "TA"]
[PlyCount "42"]
[EventDate "2019.05.31"]
[EventType "swiss"]
[EventCountry "RUS"]
[SourceTitle "playchess.com"]
[Source "ChessBase"]
[SourceQuality "1"]

{[%evp 10,60,18,18,10,-17,16,8,15,0,0,0,0,-16,-5,-16,-12,-6,-12,-18,-22,-33,-27,-12,-12,-31,-30,-31,-26,-27,-26,-31,0,-60,0,-54,-53,-95,-101,-84,-87,-190,-181,-152,-148,-161,-161,-164,-110,-372,-306,-498,-427]} 1. e4 c5 2. Nf3 d6 3. d4 cxd4 4. Nxd4 Nf6 5. Nc3 a6 6. Nb3 Nbd7 {B90: Sicilian Najdorf: Unusual White 6th moves, 6 Be3 Ng4 and 6 Be3 e5} (6... g6 7. Be3 Bg7 8. Qd2 Ng4 9. Bg5 h6 10. Bh4 g5 11. Bg3 Nc6 12. Be2 Nge5 13. h4 gxh4 14. Bxh4 {0-1 (35) Alekseenko,K (2638)-Nepomniachtchi,I (2763) St Petersburg 2018}) 7. Be2 e6 8. a4 b6 {The position is equal.} 9. f4 Bb7 10. Bf3 Be7 11. Be3 Rc8 12. Qd3 Qc7 13. O-O h6 $146 ({Predecessor:} 13... O-O 14. Nd2 Rfd8 15. Qe2 Nc5 16. Bf2 e5 17. fxe5 dxe5 {1-0 (28) Dias,S (2055)-Oliveira,T (1786) Altinopolis 2012}) 14. Rae1 O-O 15. g4 Nc5 16. Nxc5 bxc5 17. g5 hxg5 18. fxg5 Nd7 19. Bg2 Ne5 20. Qe2 Qb6 21. Nd1 (21. Rb1 $11) 21... Bc6 {Played: Qb6-b4} 0-1

[Event "41st Nezhmetdinov Memorial 2019"]
[Site "Kazan"]
[Date "2019.06.07"]
[Round "8.8"]
[White "Kalegin, Evgenij"]
[Black "Moiseenko, Vadim"]
[Result "0-1"]
[WhiteElo "2430"]
[BlackElo "2525"]
[Annotator "TA"]
[PlyCount "126"]
[EventDate "2019.05.31"]
[EventType "swiss"]
[EventCountry "RUS"]
[SourceTitle "playchess.com"]
[Source "ChessBase"]
[SourceQuality "1"]

{[%evp 14,126,38,33,47,41,35,35,48,37,52,33,41,13,17,2,18,11,24,0,0,0,34,11,52,28,50,48,30,-2,0,-22,5,0,7,-40,0,-13,0,-44,-15,-24,-7,-11,-9,-31,-10,-40,-38,-37,-36,-37,-43,-50,-39,-46,-34,-42,-41,-50,-52,-60,-60,-125,-55,-125,-134,-129,-114,-117,-108,-172,-168,-164,-162,-180,-94,-175,-184,-172,-178,-222,-220,-225,-225,-222,-211,-401,-402,-392,-393,-375,-350,-484,-501,-729,-727,-797,-794,-785,-777,-802,-769,-757,-749,-704,-697,-1065,-1002,-1246,-1198,-1119,-1097,-1259,-1214]} 1. e4 d6 2. d4 Nf6 3. Nc3 g6 4. Nf3 Bg7 5. Be3 a6 6. a4 Bg4 7. Be2 O-O 8. O-O Nc6 {B08: Pirc Defence: Classical System} (8... Bxf3 9. Bxf3 e5 10. dxe5 dxe5 11. Qxd8 Rxd8 12. Bg5 Nbd7 13. a5 h6 14. Be3 Nf8 15. Nd5 Ne6 16. Bxh6 Nxd5 17. Bxg7 Kxg7 18. exd5 {½-½ (42) Gordievsky,D (2523)-Rakhmanov,A (2655) Kolomna 2016}) 9. d5 Nb8 10. h3 Bxf3 {White is slightly better.} 11. Bxf3 Nbd7 12. Be2 $146 ({Predecessor:} 12. a5 c5 13. Qd2 Re8 14. g4 b5 15. g5 {1-0 (43) Hanisch,J-Vidonyak,R (2405) Germany 1995}) 12... c6 13. Re1 Qa5 14. Ra3 Rfc8 15. Bf1 Rab8 16. Ba7 Ra8 17. Be3 Kf8 18. Bd2 Qd8 19. dxc6 Rxc6 20. a5 Rac8 21. Be3 Kg8 22. Bd4 e6 23. Na4 Ne8 24. Nc3 Qg5 25. Be3 Qd8 26. Bd4 R8c7 27. Bxg7 Kxg7 28. Qd4+ Qf6 29. Qxf6+ (29. Qd2 {with more complications.} Ne5 30. f4 Nc4 31. Bxc4 Rxc4 32. Rb3) 29... Kxf6 30. Rb3 Rc5 31. Ra1 Ke7 32. Rb4 g5 33. Ra3 Kd8 34. Bd3 h5 35. Kf1 Ne5 36. Ke1 Nf6 37. Kd2 Nfd7 38. Rba4 {[#]} (38. Rd4 $15) 38... R5c6 (38... b5 $1 $17 39. axb6 Nxb6) 39. Be2 {[#]} (39. Rd4 $15) 39... b5 $1 $17 {[%cal Rb5a4]} 40. Rd4 Ke7 41. Ra1 Rc5 42. Kd1 (42. Ke1 $17) 42... Nf6 $19 43. f3 h4 44. Bf1 Nfd7 ({Black should play} 44... Nh5 $19 45. Ke1 Ng3) 45. Rc1 (45. Rd2 $17) 45... Nc6 46. Rd2 b4 ({Don't do} 46... Nxa5 47. Ra1 $15) 47. Na4 Rxa5 48. b3 Nc5 49. Nb6 Ne5 50. Rd4 $2 {[#]} (50. Nc4 {keeps fighting.} Nxc4 51. Bxc4) 50... Nxb3 $1 {[%mdl 512]} 51. cxb3 Rxc1+ 52. Kxc1 {And now Kb2 would win.} Ra1+ 53. Kd2 Rxf1 {[%mdl 4096] Endgame KRN-KRN. Black is clearly winning.} 54. Ke2 Rg1 55. Nc8+ Kf6 56. Kf2 Rb1 57. Rxd6 a5 58. Ra6 Nd3+ 59. Ke3 Rxb3 {aiming for ...Nc5+.} 60. Rxa5 Nf4+ 61. Kd2 Rd3+ 62. Ke1 Nxg2+ 63. Kf2 Rd2+ {Accuracy: White = 29%, Black = 63%.} 0-1

[Event "41st Nezhmetdinov Memorial 2019"]
[Site "Kazan"]
[Date "2019.06.07"]
[Round "8.9"]
[White "Khanin, Semen"]
[Black "Popov, Mikhail"]
[Result "0-1"]
[WhiteElo "2529"]
[BlackElo "2395"]
[Annotator "TA"]
[PlyCount "110"]
[EventDate "2019.05.31"]
[EventType "swiss"]
[EventCountry "RUS"]
[SourceTitle "playchess.com"]
[Source "ChessBase"]
[SourceQuality "1"]

{[%evp 17,110,0,22,9,9,9,58,8,20,17,11,8,8,8,58,41,54,0,0,0,0,0,0,0,9,0,0,0,0,0,31,-38,-25,-38,-35,-55,-27,-36,-17,-56,0,0,0,0,0,0,0,0,0,0,0,0,0,0,0,0,0,0,0,-40,-40,-47,364,-111,-16,-120,-128,-249,-251,-266,-191,-254,-146,-150,-140,-283,-228,-406,-402,-704,-656,-1470,-1197,-29967,-29969,-6170,-5310,-5308,-5308,-5308,-5308,-29977,-5057,-1035,-948]} 1. e4 e6 2. d4 d5 3. Nc3 Bb4 4. e5 c5 5. a3 Ba5 6. b4 cxd4 7. Nb5 Bc7 8. f4 Bd7 9. Nf3 Ne7 10. Nbxd4 {C18: French: 3 Nc3 Bb4: Main line: 7 h4 and 7 Qg4} (10. Nxc7+ Qxc7 11. Bd3 Ba4 12. O-O O-O 13. Bxh7+ Kh8 14. Bd3 g6 15. f5 exf5 16. Qd2 Ng8 17. Qg5 Qe7 18. Qg3 Nc6 {1-0 (36) Motylev,A (2648)-Shimanov,A (2606) St Petersburg 2015}) 10... Ba4 11. Bd3 Nbc6 12. Be3 {White is slightly better.} Bb6 13. Qd2 Nxd4 14. Nxd4 Qd7 $146 ({Predecessor:} 14... Rc8 15. O-O O-O 16. Rf3 g6 {0-1 (45) Degardin,S (2122)-Becker,M (2167) Baden 2015}) 15. O-O Bxd4 16. Bxd4 Bb5 17. Bc5 (17. Bxb5 $14 Qxb5 18. a4) 17... Bxd3 $1 $11 18. cxd3 O-O 19. Rae1 Rfe8 20. g4 b6 21. Bxe7 Qxe7 22. f5 Qh4 23. Qf4 Rac8 24. Re3 (24. fxe6 $14 fxe6 25. Qf7+ Kh8 26. Rc1 Qxg4+ 27. Kh1) 24... Rc7 25. Ref3 h6 26. Kg2 exf5 27. Qxf5 d4 28. Qe4 Rc2+ (28... Qd8 $15) 29. R1f2 Rxf2+ 30. Rxf2 {[%mdl 4096] Endgame KQR-KQR} Qg5 31. Re2 Qd8 32. Rc2 Qg5 33. Re2 Qd8 34. h3 Re6 35. Rc2 Qb8 36. Qxd4 Rxe5 37. Qd7 {[#] aiming for Rc8+.} Qa8+ 38. Rc6 Re8 39. b5 a6 $2 {[%mdl 8192]} (39... Rd8 $15 {keeps the upper hand.} 40. Qf5 a6) 40. Kf2 $2 (40. bxa6 $18 {Threatens to win with Kf2.} Rf8 41. a7 (41. Qb7 Qd8 $16)) 40... axb5 ({Black should play} 40... Rd8 $17 41. Qc7 Rxd3 42. Qc8+ Qxc8 43. Rxc8+ Kh7 44. bxa6 Rxa3) 41. Rc7 (41. Rxb6 $11 {was the only way to keep the balance.} Rf8 42. Rxb5) 41... Rf8 $17 42. Ra7 (42. Qxb5 $17 Qxa3 43. Qxb6) 42... Qh1 $19 43. Kg3 Qe1+ 44. Kf3 (44. Kg2 $142) 44... b4 (44... Qf1+ $19 45. Kg3 Qg1+ 46. Kf3 Qh2) 45. axb4 $17 Qxb4 46. d4 (46. Ra2 $17 {is a better defense.}) 46... b5 {[%cal Bb6b5,Bb5b4,Bb4b3][%mdl 32]} 47. d5 $2 (47. Rc7 {was necessary.}) 47... Qc3+ $19 48. Kg2 (48. Ke4 $142 Qxh3 49. Rc7) 48... b4 49. Rb7 b3 50. d6 Qd2+ 51. Kf3 Qd5+ 52. Kf2 Ra8 53. Qb5 Qxd6 {( -> ...Qf4+)} 54. Qxb3 Qh2+ (54... Qf4+ $142 55. Kg2 Rd8 56. Qxf7+ Qxf7 57. Rxf7 Kxf7 58. h4 Rd3 59. h5 Kf6 60. Kf2 Kg5 61. Ke2 Rg3 62. Kd2 Kxg4 63. Kc2 Kxh5 64. Kd1 Kg4 65. Ke2 h5 66. Kf1 h4 67. Ke2 h3 68. Kf2 h2 69. Kf1 h1=Q+ 70. Kf2 Qh2+ 71. Kf1 Rg1#) 55. Kf3 {[#]} Qxh3+ {Played: Ra8-a3} 0-1

[Event "41st Nezhmetdinov Memorial 2019"]
[Site "Kazan"]
[Date "2019.06.07"]
[Round "8.10"]
[White "Kanter, Eduard"]
[Black "Visakh N R"]
[Result "0-1"]
[WhiteElo "2392"]
[BlackElo "2518"]
[Annotator "RC"]
[PlyCount "66"]
[EventDate "2019.05.31"]
[EventType "swiss"]
[EventCountry "RUS"]
[SourceTitle "playchess.com"]
[Source "ChessBase"]
[SourceQuality "1"]
[TimeControl "5400+30"]

1. d4 {[%emt 0:00:00]} d5 {[%emt 0:00:00]} 2. c4 {[%emt 0:00:00]} e6 {[%emt 0:00:08]} 3. Nf3 {[%emt 0:00:00]} Nf6 {[%emt 0:00:12]} 4. g3 {[%emt 0:00:15]} dxc4 {[%emt 0:00:27]} 5. Bg2 {[%emt 0:00:14]} Nc6 {[%emt 0:00:10]} 6. Qa4 {[%emt 0:00:50]} Bb4+ {[%emt 0:00:09]} 7. Bd2 {[%emt 0:00:10]} Nd5 {[%emt 0:00:06]} 8. Bxb4 {[%emt 0:00:56]} Ndxb4 {[%emt 0:00:03]} 9. Nc3 {[%emt 0:01:51]} Bd7 {[%emt 0:11:37]} 10. O-O {[%emt 0:00:19]} a6 {[%emt 0:04:37]} 11. Ne5 {[%emt 0:11:06]} b5 {[%emt 0:03:09]} 12. Qa3 {[%emt 0:02:10]} Rb8 {[%emt 0:02:50]} 13. Nxc6 {[%emt 0:02:19]} Nxc6 {[%emt 0:00:02]} 14. Qc5 {[%emt 0:00:45]} Ne7 {[%emt 0:00:07]} 15. a4 {[%emt 0:05:17]} O-O {[%emt 0:09:59]} 16. axb5 {[%emt 0:00:57]} Bxb5 {[%emt 0:11:36]} 17. Nxb5 {[%emt 0:06:46]} axb5 {[%emt 0:00:02]} 18. Ra7 {[%emt 0:00:17]} Nf5 {[%emt 0:03:53]} 19. e3 {[%emt 0:01:59]} Qd6 {[%emt 0:00:18]} 20. Rxc7 {[%emt 0:00:24]} Qxc5 {[%emt 0:00:22]} 21. dxc5 {[%emt 0:05:01]} Rfc8 {[%emt 0:05:19]} 22. Rxc8+ {[%emt 0:00:56]} Rxc8 {[%emt 0:00:01]} 23. c6 {[%emt 0:08:41]} Kf8 {[%emt 0:06:04]} 24. b3 {[%emt 0:24:41]} Ke7 {[%emt 0:14:02]} 25. bxc4 {[%emt 0:00:15]} bxc4 {[%emt 0:00:01]} 26. Rc1 {[%emt 0:04:24]} Nd6 {[%emt 0:00:15]} 27. Ra1 {[%emt 0:02:28]} f5 {[%emt 0:04:34]} 28. Ra7+ {[%emt 0:01:09]} Kf6 {[%emt 0:00:13]} 29. Ra5 {[%emt 0:02:10]} Ke7 {[%emt 0:10:44]} 30. Rc5 {[%emt 0:00:47]} Kd8 {[%emt 0:00:29]} 31. Re5 {[%emt 0:16:04]} Kc7 {[%emt 0:00:01]} 32. Rxe6 {[%emt 0:00:24]} c3 {[%emt 0:00:24]} 33. Re5 {[%emt 0:01:56]} Kb6 {[%emt 0:00:05]} 0-1

[Event "41st Nezhmetdinov Memorial 2019"]
[Site "Kazan"]
[Date "2019.06.08"]
[Round "9.1"]
[White "Sarana, Alexey"]
[Black "Kokarev, Dmitry"]
[Result "1/2-1/2"]
[WhiteElo "2636"]
[BlackElo "2605"]
[Annotator "TA"]
[PlyCount "119"]
[EventDate "2019.05.31"]
[EventType "swiss"]
[EventCountry "RUS"]
[SourceTitle "playchess.com"]
[Source "ChessBase"]
[SourceQuality "1"]

{[%evp 12,119,10,12,16,5,1,0,7,18,26,-2,-16,-16,-7,0,3,-17,0,-14,0,-56,-26,-14,-14,-38,-34,-47,-44,-38,-33,-34,-38,-35,0,0,0,0,0,0,0,-35,0,-35,-35,-49,-49,-69,-69,-76,-69,-69,-69,-69,-69,-69,-69,-69,-69,-75,-20,-572,-571,-571,-283,-293,-275,-267,-264,-581,-145,-153,-145,-145,-145,-525,-489,-522,-522,-515,-515,-505,-498,-489,-477,-458,-457,-441,-440,-241,-18,-18,0,0,0,0,0,0,0,0,8,8,8,8,8,8,8,8,8,-29984]} 1. e4 c5 2. Nf3 d6 3. d4 cxd4 4. Nxd4 Nf6 5. Nc3 a6 6. h3 e5 7. Nde2 (7. Nf3 {seems wilder.} Be7 8. Bc4 O-O 9. O-O Nbd7 10. a4) 7... h5 {B90: Sicilian Najdorf: Unusual White 6th moves, 6 Be3 Ng4 and 6 Be3 e5} 8. g3 (8. Nd5 Nxd5 9. Qxd5 Nc6 10. Qd1 Be6 11. Nc3 Rc8 12. Be3 Ne7 13. Be2 d5 14. exd5 Nxd5 15. Nxd5 Qxd5 {½-½ (26) Wang,H (2730)-Giri,A (2783) St Petersburg 2018}) 8... Be6 9. Bg2 b5 10. O-O Nbd7 11. a4 b4 12. Nd5 Nxd5 13. exd5 Bf5 14. Be3 Be7 {[#]} 15. Qd2 $146 ({Predecessor:} 15. f4 Rc8 16. Rc1 Bh7 17. Qd2 O-O 18. Qxb4 Bxc2 19. fxe5 Nxe5 20. Nd4 Bd3 21. Rxc8 {½-½ (21) Gnutov,Y (2522)-Morozov,D (2453) ICCF email 2016}) 15... Rb8 16. a5 (16. f4 $11 Qc8 17. fxe5 Nxe5 18. Kh2) 16... O-O 17. Ra4 Qc8 18. Rxb4 Qxc2 19. Qxc2 Bxc2 20. Rc4 $1 {[%cal Rc4c2]} Rxb2 21. Rc1 Bd3 22. Rc7 Bxe2 ({But not} 22... Rxe2 $6 23. Rxd7 Bd8 24. Bf1 $14 (24. Rxd6 Ra2 $11)) 23. Rxd7 Bd8 24. Ra1 Rb5 25. Rxd6 Rxa5 26. Rc1 Bf6 27. Rd7 Bd3 28. d6 e4 $1 29. Bf1 Rd5 30. Kg2 Be5 31. Rc5 Rxd6 32. Rxd6 Bxd6 33. Rc6 {Strongly threatening Bxd3.} Rd8 {aiming for ...Bb4.} 34. Bxd3 exd3 35. Rxa6 $15 {[%mdl 4096] Endgame KRB-KRB} Bc5 ({Black should try} 35... Bb4 $17 {White must now prevent ...d2.} 36. Ra1 f6) 36. Ra1 $2 {[%mdl 8192]} (36. Bd2 $11) 36... Bxe3 $19 37. fxe3 {KR-KR} Kh7 (37... d2 $142 38. Rd1 h4 $1 {[%mdl 512]}) 38. Kf2 Kg6 39. Ke1 d2+ 40. Ke2 $2 {[#]} (40. Kd1 {nothing else works.}) 40... Kg5 $2 (40... h4 $1 $19 {[%mdl 512]} 41. g4 (41. gxh4 d1=R) 41... f5 42. gxf5+ Kxf5 43. Ra5+ Kg6) 41. Ra5+ $17 f5 42. Kd1 Rd3 43. e4 $2 {[%mdl 8192]} (43. Re5 $17 {was the crucial defense.}) 43... Rxg3 $19 44. Rxf5+ {[#]} Kg6 $1 45. Kxd2 Rxh3 46. Ke2 Rg3 47. Kf2 Rg5 48. Rf8 Ra5 49. Ke3 Kg5 50. Kd4 (50. Rf2 {was called for.} h4 51. Kd4) 50... Kg4 $2 (50... Ra4+ $19 51. Kd5 h4) 51. e5 $11 {The position is equal.} Ra1 52. e6 Re1 53. Kd5 $1 h4 54. Kd6 $1 h3 55. Rh8 g5 {Hoping for ...Kg3.} (55... Kg3 $5 56. Rg8 $8 h2 57. Rxg7+ Kh4 $11) 56. e7 Kg3 $132 {[%mdl 2048] Threatens to win with ...h2. Black has counterplay} 57. e8=Q Rxe8 58. Rxe8 g4 59. Ke5 h2 60. Ke4 $2 {[%mdl 40960] Accuracy: White = 49%, Black = 52%. . An unexpected result.} (60. Rh8 $11) 1/2-1/2